000 00942cam a2200229 4500
001 WB3827-03
008 020723n2002 000 0 eng u
035 _a(Sirsi) u119001
245 _aExpansion on ice as market chills
260 _c2002
490 _aRICS Press Release
_v(pr091) 19 July 2002, (2)
520 _aThe RICS commercial property survey for 2Q 2002 shows market activity is slowing and companies are shelving expansion plans leading to a rise in vacancies. London has been hit the hardest but other areas such as the north of England are still showing increased confidence and demand.
590 _aWB
650 _aRICS SURVEYS
650 _aRETAIL SECTOR
650 _aOFFICE SECTOR
650 _aINDUSTRIAL SECTOR
650 _aPROPERTY MARKET
690 _aPROPERTY-COMMERCIAL PROPERTY
856 _ahttp://www.rics.org/ricscms/bin/show?class=PressRelease&template=/includes/showpr.html&id=781
942 _n0
999 _c70795
_d70795